Многомерный анализ социально-экономических показателей российских и иностранных предприятий подразделов DL и DM; Экономика России в XXI веке; Т. 2

Bibliographic Details
Parent link:Экономика России в XXI веке: сборник научных трудов XII Международной научно-практической конференции "Экономические науки и прикладные исследования", г. Томск, 17-21 ноября 2015 г./ Национальный исследовательский Томский политехнический университет (ТПУ) ; ред. кол. Г. А. Барышева [и др.].— , 2015
Т. 2.— 2015.— [С. 404-410]
Main Author: Новосельцева Д. А.
Corporate Authors: Национальный исследовательский Томский политехнический университет (ТПУ) Физико-технический институт (ФТИ) Кафедра высшей математики и математической физики (ВММФ), Национальный исследовательский Томский политехнический университет (ТПУ) Институт социально-гуманитарных технологий (ИСГТ) Кафедра менеджмента (МЕН)
Other Authors: Михальчук А. А. Александр Александрович, Спицын В. В. Владислав Владимирович
Summary:Заглавие с титульного экрана
В данной работе было проведено исследование различий в социально-экономических показателях предприятий подразделов DL и DM в разрезе форм собственности и регионов России. Были использованы методы многомерного статистического анализа (корреляционный, факторный и дисперсионный анализы) для выявления различий. С помощью корреляционного, кластерного и факторного анализа по 19-ти исходным показателям построено 9 новых факторных показателей. На основе выделенных 9-ти безфоновых факторных показателей проведено сравнение предприятий в РС и ИСС подразделов DМ и DL и выявлены различия средних значений по ряду показателей.
Language:Russian
Published: 2015
Series:Вопросы экономики и управления технико-экономическими процессами
Subjects:
Online Access:http://earchive.tpu.ru/handle/11683/15452
http://www.lib.tpu.ru/fulltext/c/2015/C40/V2/080.pdf
Format: Electronic Book Chapter
KOHA link:https://koha.lib.tpu.ru/cgi-bin/koha/opac-detail.pl?biblionumber=616901

MARC

LEADER 00000naa2a2200000 4500
001 616901
005 20240209125535.0
035 |a (RuTPU)RU\TPU\conf\15157 
035 |a RU\TPU\conf\15156 
090 |a 616901 
100 |a 20160126d2015 k y0rusy50 ca 
101 0 |a rus 
102 |a RU 
105 |a y z 101zy 
135 |a drcn ---uucaa 
181 0 |a i  
182 0 |a b 
200 1 |a Многомерный анализ социально-экономических показателей российских и иностранных предприятий подразделов DL и DM  |f Д. А. Новосельцева, А. А. Михальчук, В. В. Спицын 
203 |a Текст  |c электронный 
225 1 |a Вопросы экономики и управления технико-экономическими процессами 
300 |a Заглавие с титульного экрана 
320 |a [Библиогр.: с. 410 (6 назв.)] 
330 |a В данной работе было проведено исследование различий в социально-экономических показателях предприятий подразделов DL и DM в разрезе форм собственности и регионов России. Были использованы методы многомерного статистического анализа (корреляционный, факторный и дисперсионный анализы) для выявления различий. С помощью корреляционного, кластерного и факторного анализа по 19-ти исходным показателям построено 9 новых факторных показателей. На основе выделенных 9-ти безфоновых факторных показателей проведено сравнение предприятий в РС и ИСС подразделов DМ и DL и выявлены различия средних значений по ряду показателей. 
337 |a Adobe Reader 
461 1 |0 (RuTPU)RU\TPU\conf\14421  |t Экономика России в XXI веке  |o сборник научных трудов XII Международной научно-практической конференции "Экономические науки и прикладные исследования", г. Томск, 17-21 ноября 2015 г.  |o в 2 т.  |f Национальный исследовательский Томский политехнический университет (ТПУ) ; ред. кол. Г. А. Барышева [и др.]  |d 2015 
463 0 |0 (RuTPU)RU\TPU\conf\14423  |t Т. 2  |v [С. 404-410]  |d 2015 
610 1 |a труды учёных ТПУ 
610 1 |a электронный ресурс 
610 1 |a многомерный анализ 
610 1 |a социально-экономические показатели 
610 1 |a российские предприятия 
610 1 |a иностранные предприятия 
610 1 |a закономерности процесса 
610 1 |a развитие 
610 1 |a промышленные предприятия 
700 1 |a Новосельцева  |b Д. А. 
701 1 |a Михальчук  |b А. А.  |c математик  |c доцент Томского политехнического университета, кандидат физико-математических наук  |f 1954-  |g Александр Александрович  |3 (RuTPU)RU\TPU\pers\27011 
701 1 |a Спицын  |b В. В.  |c экономист  |c доцент Томского политехнического университета, кандидат экономических наук  |f 1976-  |g Владислав Владимирович  |3 (RuTPU)RU\TPU\pers\22756  |9 9787 
712 0 2 |a Национальный исследовательский Томский политехнический университет (ТПУ)  |b Физико-технический институт (ФТИ)  |b Кафедра высшей математики и математической физики (ВММФ)  |3 (RuTPU)RU\TPU\col\18727 
712 0 2 |a Национальный исследовательский Томский политехнический университет (ТПУ)  |b Институт социально-гуманитарных технологий (ИСГТ)  |b Кафедра менеджмента (МЕН)  |3 (RuTPU)RU\TPU\col\18855 
801 2 |a RU  |b 63413507  |c 20210209  |g RCR 
856 4 |u http://earchive.tpu.ru/handle/11683/15452 
856 4 |u http://www.lib.tpu.ru/fulltext/c/2015/C40/V2/080.pdf 
942 |c BK